| 000 | 00488nam a2200181Ia 4500 | ||
|---|---|---|---|
| 001 | 17844 | ||
| 005 | 20260306171547.0 | ||
| 008 | 260306s9999||||xx |||||||||||||| ||und|| | ||
| 041 | _aESP | ||
| 082 |
_a658.3 _bA43I |
||
| 100 |
_aAlles, Martha Alicia _eAUT |
||
| 245 | 0 |
_aCodesarrollo. Una nueva forma de aprendizaje: _bpara alcanzar la estrategia organizacional |
|
| 260 | _c2009 | ||
| 300 |
_a354 páginas : _c23 cm. |
||
| 650 | _aGEN | ||
| 654 | _aCAN | ||
| 942 |
_cLIB _dJUS _fJUS _2ddc _n |
||
| 999 |
_c17844 _d17844 |
||